| 000 | 004770000a22001690004500 | ||
|---|---|---|---|
| 003 | MACL | ||
| 005 | 20160102141014.0 | ||
| 008 | 160102b xxu||||| |||| 00| 0 eng d | ||
| 040 |
_aMACL _cMACL |
||
| 041 | _aEnglish | ||
| 082 | _a800/SIS | ||
| 100 |
_aSismondi, J C L Simonde De _927162 |
||
| 245 |
_aHistorical View of the Literature of the South of Europe _bvol 2 |
||
| 260 |
_bGeorge Bell and Sons _c1903 _aLondon |
||
| 650 |
_aLiterature _927163 |
||
| 942 |
_cBK _k800/SIS _2ddc |
||
| 999 |
_c38750 _d38750 |
||